| 000 | 00752nam a22002057a 4500 | ||
|---|---|---|---|
| 999 |
_c21173 _d21173 |
||
| 003 | AR-CdUCM | ||
| 008 | 190313b ||||| |||| 00| 0 spa d | ||
| 040 |
_aMUNICIPALIDAD PROVINCIAL DEL CUSCO _cBIBLIOTECA MUNICIPAL DEL CUSCO |
||
| 082 |
_a335.4101 / R63 _bR63 |
||
| 100 |
_aRíos Zamalloa, Jorge _92949 |
||
| 245 |
_aDialéctica de la naturaleza / _cJorge Ríos Zamalloa |
||
| 260 |
_aCusco : _bWamanpuma ; _c2017. |
||
| 300 |
_a167 páginas ; _c20 cm. |
||
| 505 | _aContenido: Energía y más espacio y tiempo -- Movimiento espacio y tiempo -- El movimiento y la organización material ... | ||
| 650 |
_aDialéctica _95490 |
||
| 650 |
_aCronotopología _944249 |
||
| 650 |
_aDesarrollo biológico _944250 |
||
| 942 |
_2ddc _cLIBROS |
||
| 945 | _aRoel | ||